Plants of the U. S. L. ; "in-use" arboretum /

Bibliographic Details
Main Author: Solymosy, Sigmond L.
Format: Book
Language:English
Published: Lafayette : University of Southwestern Louisiana, [1963?]
Subjects:

MARC

Tag First Indicator Second Indicator Subfields
LEADER 00000cam a2200000 4500
001 in00000040317
005 20151007072428.0
008 790920s1963 laub 00010 eng
010 |a  65063436  
035 |a (OCoLC)05394272 
035 |9 AAE7863AM 
040 |a DLC  |c NRC  |d TXA  |d UtOrBLW 
049 |a TXAM  |c [407367] 
050 0 0 |a QK479  |b .S6 
082 0 |a 582.15074 
092 |a 582.15  |b S692p, 1963 
100 1 |a Solymosy, Sigmond L. 
245 1 0 |a Plants of the U. S. L. ;  |b "in-use" arboretum /  |c by Sigmond L. Solymosy. 
264 1 |a Lafayette :  |b University of Southwestern Louisiana,  |c [1963?] 
300 |a 40 :  |b map (on pages [3] of cover) ;  |c 28 cm. 
336 |a text  |b txt  |2 rdacontent 
337 |a unmediated  |b n  |2 rdamedia 
338 |a volume  |b nc  |2 rdacarrier 
500 |a Cover title. 
610 1 0 |a University of Southwestern Louisiana. 
999 |a MARS 
999 f f |s 923e97a1-d4f4-3e59-8252-694b7c44d922  |i f305deb5-3d07-3b69-bb50-d6bed1efd0fe  |t 0 
952 f f |p ric  |a Texas A&M University  |b Rellis Campus  |c Joint Library Facility  |d Remote Storage  |t 0  |e QK479 .S6  |h Library of Congress classification  |i unmediated -- volume  |m A14800995024 
998 f f |a QK479 .S6  |t 0  |l Remote Storage